| 000 | 00000nam 2200000zi 4500 |
| 001 | 9.894270 |
| 003 | CaOODSP |
| 005 | 20221107173705 |
| 006 | m o d f |
| 007 | cr cn||||||||| |
| 008 | 201203e20200328onca o f000 0 eng d |
| 040 | |aCaOODSP|beng|erda|cCaOODSP |
| 043 | |an-cn--- |
| 086 | 1 |aHP5-133/19-2020E-PDF |
| 245 | 00|aCoronavirus disease (COVID-19). |pMandatory quarantine (mandatory self-isolation). |
| 264 | 1|a[Ottawa] : |bPublic Health Agency of Canada = Agence de la santé publique du Canada, |cMarch 28, 2020. |
| 300 | |a1 online resource (2 unnumbered pages) : |bcolour illustrations |
| 336 | |atext|btxt|2rdacontent |
| 337 | |acomputer|bc|2rdamedia |
| 338 | |aonline resource|bcr|2rdacarrier |
| 500 | |aIssued also in French under title: Maladie à coronavirus (COVID-19). Quarantaine obligatoire (auto-isolement obligatoire). |
| 500 | |aTitle from caption. |
| 500 | |aIssued also in HTML format. |
| 650 | 0|aCOVID-19 (Disease)|zCanada. |
| 710 | 2 |aPublic Health Agency of Canada. |
| 775 | 08|tMaladie à coronavirus (COVID-19). |w(CaOODSP)9.885839 |
| 856 | 40|qPDF|s270 KB|uhttps://publications.gc.ca/collections/collection_2020/aspc-phac/hp5-133/HP5-133-19-2020-eng.pdf|zMarch 28, 2020 |
| 856 | 4 |qHTML|sN/A|uhttps://www.canada.ca/en/public-health/services/publications/diseases-conditions/2019-novel-coronavirus-information-sheet.html|zupdate of 2020-11-21 |